000 00372nam a2200145 a 4500
005 20250920110310.0
008 250920s2025##################000#0#eng##
020 _a9781841933733
_qpbk
041 _aeng
082 0 4 _a793.74
_bSUZ
100 _aSuzuki, Yukio
245 1 0 _aSu Doku
_cYukio Suzuki
260 _aLondon
_bArcturus Publishing Limited
_c2006
942 _cENGLISH
999 _c588235
_d588235